| 000 | 00975 a2200205 4500 | ||
|---|---|---|---|
| 001 | 45074 | ||
| 005 | 20260407155726.0 | ||
| 008 | 260407a1955 arg spa d | ||
| 003 | AR-UNSa-BCEJYS | ||
| 040 |
_aAR-UNSa-BCEJYS _bspa _cAR-UNSa-BCEJYS |
||
| 080 |
_a351.72 _xFinanzas públicas. Legislación (Contabilidad Pública, Administración financiera...) |
||
| 245 | 1 | 0 | _aRégimen jurídico de la contabilidad pública |
| 264 | 1 |
_aBuenos Aires : _bRoque Depalma Editor _c1955 |
|
| 300 |
_a156 p. _c23 cm. |
||
| 505 | _a1. Principios generales - 2. Funciones del contralor - 3. Procedimientos y actos jurisdiccionales - 4. La gestión administrativo financiera "de hecho" - 5. El compromiso en la contabilidad administrativa y los acreedores del fisco - 6. Régimen de la responsabilidad en la Ley 12.961 - 7. Decisiones de la contaduría general de la Nación - | ||
| 041 | _aspa | ||
| 942 | _cBK | ||
| 590 | _aniveau_biblio:m niveau_hierar:0 | ||
| 100 | 1 | _aBilesa, Rafael | |
| 999 |
_c3910 _d3910 |
||